<?xml version="1.0" encoding="UTF-8"?>
<marc:record xmlns:marc="http://www.loc.gov/MARC21/slim">
   <marc:leader>00000nam a2200000 a 4500</marc:leader>
   <marc:datafield ind1=" " ind2=" " tag="653">
      <marc:subfield code="a">Wunderkind</marc:subfield>
   </marc:datafield>
   <marc:datafield ind1=" " ind2=" " tag="653">
      <marc:subfield code="a">DVD</marc:subfield>
   </marc:datafield>
   <marc:datafield ind1=" " ind2=" " tag="653">
      <marc:subfield code="a">ohne Altersbeschränkung</marc:subfield>
   </marc:datafield>
   <marc:datafield ind1="0" ind2="0" tag="245">
      <marc:subfield code="a">Vitus</marc:subfield>
   </marc:datafield>
   <marc:datafield ind1=" " ind2="1" tag="264">
      <marc:subfield code="b">Schwarz Weiss Filmverleih</marc:subfield>
      <marc:subfield code="c">2007</marc:subfield>
   </marc:datafield>
   <marc:datafield ind1="1" ind2=" " tag="520">
      <marc:subfield code="a">Vitus (Teo Gheorghiu) ist ein Junge wie von einem anderen Stern: Er hört so gut wie eine Fledermaus, spielt wunderbar Klavier und liest schon im Kindergarten den Brockhaus. Kein Wunder, dass seine Eltern eine ehrgeizige Karriere wittern: Vitus soll Pianist werden. Doch das kleine Genie bastelt lieber in der Schreinerei seines eigenwilligen Großvaters (Bruno Ganz), träumt vom Fliegen und einer normalen Jugend. Schließlich nimmt Vitus mit einem dramatischen Sprung sein Leben in die eigene Hand.</marc:subfield>
   </marc:datafield>
</marc:record>
